Géographie de Paris par lettre -T - Statistiques

Statistiques générales
  • Ce quiz a été pris 37 fois
  • Le résultat moyen est 7 sur 20
Statistiques - réponses
Question Réponse % Correct
Question / IndiceRéponse (T...)Le monument le plus célèbre de Paris, construit pour l'Exposition Universelle de 1889 Tour Eiffel
97%
Grand jardin entre le Louvre et la place de la Concorde. Tuileries
82%
Grand jardin royal situé entre le Louvre et la place de la Concorde Tuileries
82%
Immense place située face à la Tour Eiffel, célèbre pour ses fontaines et sa vue Trocadéro
71%
Le nouveau mode de transport circulaire qui fait le tour de Paris Tramway
56%
Grand gratte-ciel du 15e, emblématique du skyline parisien Tour Montparnasse
50%
Station de métro la plus haute de Paris (Ligne 11) Télégraphe
32%
Rue historique du Marais (3e) nommée d'après un ordre religieux militaire Temple
29%
Station de la ligne 7 dans le 13e Tolbiac
29%
Réseau de trains de banlieue partant des grandes gares parisiennes Transilien
29%
Salle de spectacle mythique de Montmartre située au pied du Sacré-Cœur Trianon
24%
Diplomate "boiteux" dont l'hôtel particulier se trouve place de la Concorde Talleyrand
21%
Place et quartier chic du 17e arrondissement, près de l'Étoile Ternes
21%
Grand ensemble judiciaire situé à Porte de Clichy Tribunal de Paris
21%
Rue du 2e et 3e arrondissement reliant la République aux Halles Turbigo
12%
Homme politique dont l'enceinte fortifiée entourait Paris au 19e siècle Thiers
6%
Nom de la tour de bureaux la plus haute de France (située juste à la limite de Paris) Triangle
6%
Rue du Marais célèbre pour ses galeries d'art et ses hôtels particuliers Turenne
6%
Avenue du 16e arrondissement portant le nom d'un célèbre écrivain Théophile Gautier
0%
Jardin du 5e arrondissement situé en bord de Seine, abritant des sculptures Tino-Rossi
0%
Aucun quiz correspondant
Distribution des résultats
% des personnes avec chaque résultat
Percentile par nombre de réponses
Votre historique - résultats
Vous n’avez pas pris ce quiz